<?xml version="1.0" encoding="UTF-8"?>
<record
    xmlns:xsi="http://www.w3.org/2001/XMLSchema-instance"
    xsi:schemaLocation="http://www.loc.gov/MARC21/slim http://www.loc.gov/standards/marcxml/schema/MARC21slim.xsd"
    xmlns="http://www.loc.gov/MARC21/slim">

  <leader>00799nam a2200229 a 4500</leader>
  <controlfield tag="001">5027</controlfield>
  <controlfield tag="003">CDMR</controlfield>
  <controlfield tag="005">20131108100543.0</controlfield>
  <controlfield tag="008">130130s1996||||||||||||||||||||||||cat|d</controlfield>
  <datafield tag="020" ind1=" " ind2=" ">
    <subfield code="a">843933995X</subfield>
  </datafield>
  <datafield tag="040" ind1=" " ind2=" ">
    <subfield code="a">CDMR</subfield>
    <subfield code="b">cat</subfield>
    <subfield code="c">CDMR</subfield>
  </datafield>
  <datafield tag="100" ind1="1" ind2=" ">
    <subfield code="9">2486</subfield>
    <subfield code="a">Codina, Llu&#xED;s</subfield>
  </datafield>
  <datafield tag="245" ind1="1" ind2="3">
    <subfield code="a">El llibre digital</subfield>
    <subfield code="b">: una exploraci&#xF3; sobre la informaci&#xF3; electr&#xF2;nica i el futur de l'edici&#xF3;</subfield>
    <subfield code="c">Llu&#xED;s Codina ; pr&#xF2;leg de Mario Santinoli</subfield>
  </datafield>
  <datafield tag="260" ind1=" " ind2=" ">
    <subfield code="a">Barcelona</subfield>
    <subfield code="b">Generalitat de Catalunya. centre d'Investigaci&#xF3; de la Comunicaci&#xF3;</subfield>
    <subfield code="c">1996</subfield>
  </datafield>
  <datafield tag="300" ind1=" " ind2=" ">
    <subfield code="a">191 p.</subfield>
  </datafield>
  <datafield tag="490" ind1="0" ind2=" ">
    <subfield code="a">Estudis i Recerques</subfield>
    <subfield code="v">13</subfield>
  </datafield>
  <datafield tag="650" ind1="0" ind2="4">
    <subfield code="9">3456</subfield>
    <subfield code="a">Llibres</subfield>
    <subfield code="x">Ind&#xFA;stria i comer&#xE7;</subfield>
  </datafield>
  <datafield tag="650" ind1="0" ind2="4">
    <subfield code="9">3185</subfield>
    <subfield code="a">Edici&#xF3; electr&#xF2;nica</subfield>
  </datafield>
  <datafield tag="650" ind1="0" ind2="4">
    <subfield code="9">3364</subfield>
    <subfield code="a">Tecnologia de la informaci&#xF3;</subfield>
  </datafield>
  <datafield tag="700" ind1="1" ind2=" ">
    <subfield code="9">3473</subfield>
    <subfield code="a">Santinoli, Mario</subfield>
    <subfield code="4">pr.</subfield>
  </datafield>
  <datafield tag="942" ind1=" " ind2=" ">
    <subfield code="c">MON</subfield>
    <subfield code="2">udc</subfield>
  </datafield>
  <datafield tag="999" ind1=" " ind2=" ">
    <subfield code="c">5027</subfield>
    <subfield code="d">5027</subfield>
  </datafield>
  <datafield tag="952" ind1=" " ind2=" ">
    <subfield code="0">0</subfield>
    <subfield code="1">0</subfield>
    <subfield code="4">0</subfield>
    <subfield code="7">0</subfield>
    <subfield code="a">CDMR</subfield>
    <subfield code="b">CDMR</subfield>
    <subfield code="d">2013-01-16</subfield>
    <subfield code="l">0</subfield>
    <subfield code="o">Cs /18</subfield>
    <subfield code="p">CDMR13056465</subfield>
    <subfield code="r">2013-05-21</subfield>
    <subfield code="w">2013-05-21</subfield>
    <subfield code="y">MON</subfield>
  </datafield>
</record>
